Integral spirituality: a startling new role for religion in the modern and postmodern world (Record no. 1226968)

MARC details
000 -LEADER
fixed length control field 00644nam a2200217Ia 4500
005 - DATE AND TIME OF LATEST TRANSACTION
control field 20241129110016.0
008 - FIXED-LENGTH DATA ELEMENTS--GENERAL INFORMATION
fixed length control field 241129s9999||||xx |||||||||||||| ||und||
020 ## - INTERNATIONAL STANDARD BOOK NUMBER
International Standard Book Number 978-1-59030-527-0
037 ## - SOURCE OF ACQUISITION
Stock number TB
040 ## - CATALOGING SOURCE
Original cataloging agency ARTS
Language of cataloging eng
Transcribing agency ARTS
041 ## - LANGUAGE CODE
Language code of text/sound track or separate title eng
Source of code eng
084 ## - COLON CLASSIFICATION NUMBER
Classification number Delta P6
Assigning agency ARTS
100 ## - MAIN ENTRY--PERSONAL NAME
Personal name Wilber Ken Au.
9 (RLIN) 726834
245 #0 - TITLE STATEMENT
Title Integral spirituality: a startling new role for religion in the modern and postmodern world
Statement of responsibility, etc. Wilber Ken Au.
260 ## - PUBLICATION, DISTRIBUTION, ETC.
Place of publication, distribution, etc. Boulder, USA
Name of publisher, distributor, etc. Integral Books
Date of publication, distribution, etc. 2013
300 ## - PHYSICAL DESCRIPTION
Extent x,313p.
365 ## - TRADE PRICE
Price type code USD
Price amount 34.95
650 ## - SUBJECT ADDED ENTRY--TOPICAL TERM
Topical term or geographic name entry element Mysticism
942 ## - ADDED ENTRY ELEMENTS (KOHA)
Koha item type Textbook
Classification part Delta P6
Holdings
Withdrawn status Lost status Damaged status Not for loan Home library Current library Date acquired Source of acquisition Cost, normal purchase price Inventory number Total Checkouts Full call number Barcode Date last seen Price effective from Koha item type
        Arts Library Arts Library 2024-11-29 Excel Media 34.95 6268 & 08/12/2023   Delta P6 AL1803001 2024-11-29 2024-11-29 Textbook
Copyright @ Delhi University Library System